| 000 | 00910pam a2200277 4500 | ||
|---|---|---|---|
| 999 |
_c1936 _d1936 |
||
| 001 | 015842366 | ||
| 003 | UkOxU | ||
| 005 | 20230220102154.0 | ||
| 008 | 050208r20052004enka j 000 1 eng | ||
| 015 |
_aGBA515473 _2bnb |
||
| 020 | _a9780140569780 | ||
| 035 | _a(Uk)013118068 | ||
| 040 |
_aStDuBDS _dUkOxU _dKH8 _cSDL |
||
| 042 | _aukscp | ||
| 082 | 0 | 4 |
_a823.914 NIC _222 |
| 100 | 1 |
_aNicoll, Helen. _eauthor |
|
| 245 | 1 | 0 |
_aMeg's mummy / _cby Helen Nicoll and Jan Pieńkowski. |
| 260 |
_aLondon : _bPuffin Books, _c2005. |
||
| 300 |
_a[32] p. : _bcol. ill. ; _c21 cm. |
||
| 500 | _aOriginally published: 2004. | ||
| 650 | 0 |
_aMeg (Fictitious character : Nicoll) _vPictorial works _vJuvenile fiction. |
|
| 650 | 0 |
_aMog (Fictitious character : Nicoll) _vPictorial works _vJuvenile fiction. |
|
| 650 | 0 |
_aWitches _vPictorial works _vJuvenile fiction. |
|
| 700 | 1 |
_aPieńkowski, Jan. _eauthor |
|
| 942 |
_2ddc _cNFIC |
||